000 00687nam a2200241 a 4500
001 1233
003 BR-CuiBMT
005 20231201193336.0
008 231201s1988 spb 000 0 por d
040 _aBR-CuiBMT
_cBR-CuiBMT
080 _22007
_a338.1
_x(81)
090 _a338.1(81)
_bP879o
100 1 _aPóvoas, Lenine C.,
_d1921-2007
245 _aO caos brasileiro /
_cLenine C. Povoas.
260 _aSão Paulo :
_bIHGMT,
_c1988.
300 _a183 p.:
_c21 cm
504 _aInclui bibliografia.
650 _aCondições econômicas
_zBrasil
650 _aDívida pública
_zBrasil
650 _aReforma agrária
_zBrasil
650 _aDesmatamento
_zPantanal
942 _2udc
_cLV
999 _c1233
_d1233